Vença o Partido Colonial Brasileiro Adivinhando Estados - Statistics

Estatísticas Gerais
  • Esse quiz foi jogado 959 vezes
    956 desde o último reset
  • A pontuação média é 93 de 203
Respostas no mapa
Respostas codificadas por cores de uma escala verde-vermelha no mapa do quiz de acordo com a % correta abaixo.
 
Estatísticas das Respostas
População (relativa) em milhões Estado % Correto
17 Rio de Janeiro
80%
46 São Paulo
77%
8 Pará
64%
21 Minas Gerais
57%
21 Minas Gerais
56%
4 Amazonas
46%
14 Bahia
46%
11 Paraná
37%
11 Rio Grande do Sul
35%
7 Santa Catarina
26%
7 Goiás
25%
7 Goiás
23%
1 Acre
22%
9 Ceará
20%
9 Pernambuco
19%
3 Mato Grosso
17%
1 Amapá
16%
1 Roraima
12%
4 Espírito Santo
11%
3 Alagoas
9%
4 Paraíba
9%
3 Piauí
9%
2 Sergipe
9%
7 Maranhão
8%
4 Paraíba
8%
1 Rondônia
8%
3 Distrito Federal
7%
3 Distrito Federal
6%
3 Rio Grande do Norte
6%
1 Tocantins
6%
2 Mato Grosso do Sul
3%
Nenhum quiz correspondente encontrado
Distribuição das Pontuações
Porcentagem de Pessoas com Cada Pontuação
Percentil de Números Respondidos
Sua Pontuação Histórica
Você não jogou esse quiz desde o último reset